000 00790cam a22002653a 4500
001 15407
003 PGUSA
005 20140828083329.0
008 050318s2005||||xxu|||||s|||||000 | eng d
040 _aPGUSA
_beng
042 _adc
050 4 _aTP
100 1 _aChapman, Thomas
245 1 4 _aThe Cyder-Maker's Instructor, Sweet-Maker's Assistant, and Victualler's and Housekeeper's Director :
_bIn Three Parts
_h[electronic resource] /
_cThomas Chapman
260 _bProject Gutenberg,
_c2005
506 _aPublic domain in the USA.
516 _aElectronic text
653 _aLiquors
653 _aCooking (Cider)
653 _aCider
653 _aWine and wine making
830 0 _aProject Gutenberg
_v15407
856 4 0 _uhttp://www.gutenberg.org/ebooks/15407
942 _cEB
999 _c244662
_d244662